| 000 | 00469nam a2200133Ia 4500 | ||
|---|---|---|---|
| 008 | 170516s9999 xx 000 0 und d | ||
| 245 | _aAlzheimer’s Disease Detection in Brain Magnetic Resonance Images Using Multiscale Fractal Analysis, Salim Lahmiri and Mounir Boukadoum | ||
| 260 | _bISRN Radiology | ||
| 260 | _c2014 | ||
| 300 | _a: | ||
| 650 | _xRadiologic Technology | ||
| 650 | _xRadtech | ||
| 856 | _uhttps://www.hindawi.com/journals/isrn/contents/radiology/ | ||
| 999 |
_c332146 _d332146 |
||